Uluslararası ekonomik bütünleşme : (Record no. 13225)
[ view plain ]
| 000 -BAŞLIK | |
|---|---|
| Sabit Uzunlukta Kontrol Alanı | 00881nam a22002417a 4500 |
| 999 ## - SİSTEM KONTROL NUMARALARI (KOHA) | |
| Koha Biblionumber | 13225 |
| Koha Biblioitemnumber | 13225 |
| 003 - KONTROL NUMARASI IDENTIFIER | |
| Denetim Alanı | MIRAKIL |
| 005 - SON İŞLEM TARİHİ VE ZAMANI | |
| Denetim Alanı | 20190509133637.0 |
| 008 - SABİT-BOY VERİ ELEMANLARI - GENEL BİLGİLER | |
| Sabit Uzunlukta Kontrol Alanı | 190509b tu ||||| |||| 00| 0 tur d |
| 020 ## - ULUSLARARASI STANDART KİTAP NUMARASI | |
| Uluslararası Standart Kitap Numarası | 9786053991625 |
| 040 ## - KATALOGLAMA KAYNAK | |
| Orijinal Kataloglama Ajansı | TR-AnCHP |
| Metne Dönüştürmek Ajansı | TR-AnCHP |
| 041 ## - DİL KODU | |
| Metin / Ses Parça Veya Ayrı Başlığın Dil Kodu | tur |
| 082 ## - DEWEY ONLU SINIFLANDIRMA NUMARASI | |
| Sınıflandırma Numarası | 332.042 |
| Ürün Numarası | B24u 2010 |
| 100 1# - ANA GİRİŞ - KİŞİSEL İSİM | |
| Kişisel Ad | Balkır, Canan. |
| 245 10 - BAŞLIK TABLOSU | |
| Başlık | Uluslararası ekonomik bütünleşme : |
| Başlığın Kalan | kuram, politika ve uygulama AB ve dünya örnekleri / |
| Sorumluluk Tablosu, Vb | Canan Balkır. |
| 260 ## - YAYIN, DAĞITIM, VB | |
| Yayın, Dağıtım, Vb Yeri | İstanbul : |
| Yayıncı, Dağıtıcı, Vs Adı | İstanbul Bilgi Üniversitesi yayınları , |
| Yayın, Dağıtım, Vb Tarihi | 2010. |
| 300 ## - FİZİKSEL TANIM | |
| Kapsam | xxvıı, 568 s. ; |
| Boyutlar | 23 sm. |
| 490 1# - SERİSİ TABLOSU | |
| Seri Beyanı | İstanbul Bilgi Üniversitesi Yayınları ; |
| Hacim / Ardışık Tanımı | 310. |
| Seri Beyanı | Ekonomi ; |
| Hacim / Ardışık Tanımı | 13. |
| 504 ## - KAYNAKÇA VB NOT | |
| Kaynakça Vb Notu | Kaynakça ve dizin vardır. |
| 650 #0 - KONU KATMA GİRİŞ - TOPİKAL DÖNEM | |
| Topikal Süreli Veya Coğrafi Ad Giriş Elemanı | Uluslararası ekonomik bütünleşme. |
| 650 #0 - KONU KATMA GİRİŞ - TOPİKAL DÖNEM | |
| Topikal Süreli Veya Coğrafi Ad Giriş Elemanı | Uluslararası ekonomik ilişkiler. |
| 651 #0 - KONU KATMA GİRİŞ - COĞRAFİ ADI | |
| Coğrafi İsim | Avrupa Birliği ülkeleri |
| Genel Alt Bölümü | Ekonomik bütünleşme. |
| 942 ## - EKLENDİ GİRİŞ ELEMANLARI (KOHA) | |
| Sınıflandırma Veya Raf Düzeni Kaynak | Dewey Decimal Classification |
| Koha Öğesi Türü | Books |
| Kalıcı Konum | Mevcut Konum | Edinme Tarihi | Toplam Check-Out'Lar | Tam Çağrı Numarası | Barkod | Tarih Son Görülme | İtibaren Geçerli Fiyatlar | Koha Öğesi Türü |
|---|---|---|---|---|---|---|---|---|
| CHP Kütüphanesi | CHP Kütüphanesi | 05/09/2019 | 332.042 B24u 2010 | 003852 | 05/09/2019 | 05/09/2019 | Books |
